| 000 | 00646nam a22002410a 4500 | ||
|---|---|---|---|
| 001 | PT2833 | ||
| 003 | AR-LpoUNG | ||
| 005 | 20210131230740.0 | ||
| 008 | 191001s1997||||sp |||||||||||||||||spa d | ||
| 020 |
_a8429434151 _c$25.33 |
||
| 040 |
_aAR-LpoUNG _bspa _cAR-LpoUNG _eaacr |
||
| 041 | _aspa | ||
| 044 | _asp | ||
| 082 | 0 | _aR403 335de | |
| 100 | 1 |
_aSalvador, Gregorio _epról. |
|
| 245 | 1 | 0 | _aDiccionario esencial de la lengua española |
| 250 | _a11ª edición | ||
| 260 |
_aBarcelona : _bSantillana, _c1997. |
||
| 300 |
_a1360 p. : _btbls., gráfs. |
||
| 651 | 4 | _aDOCUMENTOS TEORICOS O METODOLOGICOS | |
| 905 | _a2833 | ||
| 942 | _cLSALA | ||
| 999 |
_c5941 _d5941 |
||